<?xml version="1.0" encoding="UTF-8"?><?xml-stylesheet type="text/xsl" href="static/style.xsl"?><OAI-PMH xmlns="http://www.openarchives.org/OAI/2.0/" xmlns:xsi="http://www.w3.org/2001/XMLSchema-instance" xsi:schemaLocation="http://www.openarchives.org/OAI/2.0/ http://www.openarchives.org/OAI/2.0/OAI-PMH.xsd"><responseDate>2026-04-17T05:52:05Z</responseDate><request verb="GetRecord" identifier="oai:www.recercat.cat:2117/327235" metadataPrefix="marc">https://recercat.cat/oai/request</request><GetRecord><record><header><identifier>oai:recercat.cat:2117/327235</identifier><datestamp>2025-07-24T17:58:38Z</datestamp><setSpec>com_2072_1033</setSpec><setSpec>col_2072_452951</setSpec></header><metadata><record xmlns="http://www.loc.gov/MARC21/slim" xmlns:dcterms="http://purl.org/dc/terms/" xmlns:xsi="http://www.w3.org/2001/XMLSchema-instance" xmlns:doc="http://www.lyncode.com/xoai" xsi:schemaLocation="http://www.loc.gov/MARC21/slim http://www.loc.gov/standards/marcxml/schema/MARC21slim.xsd">
   <leader>00925njm 22002777a 4500</leader>
   <datafield ind2=" " ind1=" " tag="042">
      <subfield code="a">dc</subfield>
   </datafield>
   <datafield ind2=" " ind1=" " tag="720">
      <subfield code="a">Martínez Barrio, Inés</subfield>
      <subfield code="e">author</subfield>
   </datafield>
   <datafield ind2=" " ind1=" " tag="260">
      <subfield code="c">2005</subfield>
   </datafield>
   <datafield ind2=" " ind1=" " tag="520">
      <subfield code="a">El trabajo de final de carrera, que se presenta a continuación, se centra en la catalogación de un grupo de fachadas, que forman parte de una de las manzanas que componen el ensanche de Barcelona. Dicho trabajo, se desglosa en cuatro partes bien diferenciadas. La primera parte la forma una serie de información general (factores físicos del emplazamiento, historia, etc…) con la que se pretende poner en situación a los lectores de lo que a continuación se expone. La segunda parte está formada, en primer lugar, por una serie de fichas que corresponden a cada una de las fachadas estudiadas. Estas fichas nos permiten obtener una información rápida de las características más importantes de cada una de las fachadas, así como un primer reconocimiento visual de las mismas. A continuación aparece una imagen del conjunto de fachadas que componen cada una de las calles. Gracias a la tercera parte podemos conocer a través de un viaje virtual la totalidad del conjunto de fachadas que forman la manzana objeto del estudio. En la cuarta parte aparece la bibliografía que se ha consultado para llevar a cabo dicho trabajo junto con los agradecimientos.</subfield>
   </datafield>
   <datafield tag="653" ind2=" " ind1=" ">
      <subfield code="a">Àrees temàtiques de la UPC::Edificació::Elements constructius d'edificis::Elements de tancament</subfield>
   </datafield>
   <datafield tag="653" ind2=" " ind1=" ">
      <subfield code="a">Facades</subfield>
   </datafield>
   <datafield tag="653" ind2=" " ind1=" ">
      <subfield code="a">Surveys</subfield>
   </datafield>
   <datafield tag="653" ind2=" " ind1=" ">
      <subfield code="a">Apartment houses</subfield>
   </datafield>
   <datafield tag="653" ind2=" " ind1=" ">
      <subfield code="a">Façanes -- Catalunya -- Barcelona</subfield>
   </datafield>
   <datafield tag="653" ind2=" " ind1=" ">
      <subfield code="a">Eixample (Barcelona, Catalunya)</subfield>
   </datafield>
   <datafield tag="653" ind2=" " ind1=" ">
      <subfield code="a">Eixample (Barcelona, Catalunya) -- Edificis, estructures, etc.</subfield>
   </datafield>
   <datafield tag="653" ind2=" " ind1=" ">
      <subfield code="a">Aixecaments arquitectònics -- Catalunya -- Barcelona</subfield>
   </datafield>
   <datafield tag="653" ind2=" " ind1=" ">
      <subfield code="a">Cases de pisos -- Catalunya -- Barcelona</subfield>
   </datafield>
   <datafield ind2="0" ind1="0" tag="245">
      <subfield code="a">Estudio de las fachadas del Ensanche de Barcelona</subfield>
   </datafield>
</record></metadata></record></GetRecord></OAI-PMH>